Southville International School and Colleges
Your cart is empty.
  • Cart
  • Lists
    Public lists Eva Luna New books Lux_list list_1
    Your lists Log in to create your own lists
  • Log in to your account
  • Your cookies
  • Search history
Southville International School and Colleges
  • Advanced search
  • Recent comments
  • Most popular
  • Libraries

Log in to your account

Log in with GOOGLE


If you do not have an external account, but do have a local account, you can still log in:

  1. Home
  2. MARC view: Reading hamlet /
Normal view MARC view ISBD view

Reading hamlet / (Record no. 2325)

[ view plain ]
MARC details
000 -LEADER
fixed length control field 00520nam a22001937a 4500
003 - CONTROL NUMBER IDENTIFIER
control field OSt
005 - DATE AND TIME OF LATEST TRANSACTION
control field 20151029100647.0
008 - FIXED-LENGTH DATA ELEMENTS--GENERAL INFORMATION
fixed length control field 130311t xxu||||| |||| 00| 0 eng d
020 ## - INTERNATIONAL STANDARD BOOK NUMBER
International Standard Book Number 9781875136124
050 ## - LIBRARY OF CONGRESS CALL NUMBER
Classification number PR 2807
Item number .M527 1989
082 ## - DEWEY DECIMAL CLASSIFICATION NUMBER
Classification number IB 822.33S7
Item number M48 1989
100 ## - MAIN ENTRY--PERSONAL NAME
Personal name Mellor, Bronwyn
245 ## - TITLE STATEMENT
Title Reading hamlet /
Statement of responsibility, etc Bronwyn Mellor.
260 ## - PUBLICATION, DISTRIBUTION, ETC. (IMPRINT)
Place of publication, distribution, etc Urbana, Ill. :
Name of publisher, distributor, etc National Council of Teachers of English,
Date of publication, distribution, etc 1989
300 ## - PHYSICAL DESCRIPTION
Extent 96 p. ;
Dimensions 29.7 cm.
562 ## - COPY AND VERSION IDENTIFICATION NOTE
Number of copies 1
942 ## - ADDED ENTRY ELEMENTS (KOHA)
Source of classification or shelving scheme Library of Congress Classification
Koha item type Books
Holdings
Withdrawn status Lost status Source of classification or shelving scheme Damaged status Home library Current library Shelving location Date acquired Total Checkouts Full call number Barcode Date last seen Copy number Price effective from Koha item type
    Library of Congress Classification   Luxembourg Library Luxembourg Library International Baccalaureate Section 03/11/2013   PR 2807 .M527 1989 16075 09/16/2016 1 10/03/2013 Books

Reading hamlet /

APA

Mellor B., . (1989). Reading hamlet. Urbana, Ill: National Council of Teachers of English.

Chicago

Mellor Bronwyn, . 1989. Reading hamlet. Urbana, Ill: National Council of Teachers of English.

Harvard

Mellor B., . (1989). Reading hamlet. Urbana, Ill: National Council of Teachers of English.

MLA

Mellor Bronwyn, . Reading hamlet. Urbana, Ill: National Council of Teachers of English. 1989.

  • Place hold
  • Print
  • Cite
  • Add to your cart (remove)
  • Save record
    BIBTEX Dublin Core MARCXML MARC (non-Unicode/MARC-8) MARC (Unicode/UTF-8) MARC (Unicode/UTF-8, Standard) MODS (XML) RIS
  • More searches
    Search for this title in:
    Other Libraries (WorldCat) Other Databases (Google Scholar) Online Stores (Bookfinder.com) Open Library (openlibrary.org)

Exporting to Dublin Core...

SOUTHVILLE LIBRARY

Southville International School and Colleges Library

1281 Tropical Ave. Cor. Luxembourg St., BF Homes International, Las Pinas City

Tel. No. 8256374 / 252358 Loc. 117/146

Powered by Koha